Programas de teorías de lectura y escritura para uso de las alumnas de 2o año en la Escuela Normal Superior de Maestras de Barcelona / por Rosa Ceballos y Mendoza
Descripción Física:
11 p. ; 22 cm
Otros Autores:
Escuela Normal Superior de Maestras (Barcelona)
MARC
| LEADER | 00000nam a2200000Ia 4500 | ||
|---|---|---|---|
| 001 | 22871 | ||
| 008 | 160829s1894 xx 000 0 cat d | ||
| 080 | |a 3277, exp. 1 | ||
| 100 | |a Ceballos Mendoza, Rosa |9 48402 | ||
| 245 | |a Programas de teorías de lectura y escritura para uso de las alumnas de 2o año en la Escuela Normal Superior de Maestras de Barcelona / por Rosa Ceballos y Mendoza | ||
| 260 | |a Barcelona : |b Tipografía de M. Rovira, |c 1894 | ||
| 300 | |a 11 p. ; |c 22 cm | ||
| 650 | |a Escuela Normal Superior de Maestras (Barcelona) |9 48403 | ||
| 700 | |a Escuela Normal Superior de Maestras (Barcelona) |9 48403 | ||
| 901 | |a Arxiu | ||
| 942 | |n 1 | ||
| 952 | |0 0 |1 0 |4 0 |6 3277_EXP_1 |7 1 |9 54523 |a Arxiu |b Arxiu |d 2016-12-01 |l 0 |o 3277, exp. 1 |p 22871 |r 2016-12-01 00:00:00 |w 2016-12-01 |y ARXIU | ||
| 999 | |c 58392 |d 58392 | ||